000 01213nam a22003857a 4500
003 CHAP
005 20220329143608.0
008 100809s2009 mx a r 00010 spa d
010 _a99026
011 _a99998
020 _a9786071200495
035 _a110684
040 _cCHAP
082 1 4 _a631.875
_bR94
100 0 0 _aRuíz Figueroa, José Feliciano.
_9100875
245 1 0 _aIngeniería del compostaje
_c/por José Feliciano Ruíz Figueroa
260 _aChapingo, Méx. :
_bUACH,
_c2009
300 _a237 p. :
_bilus., cuadros, gráfs.
590 _aBATCH-UPD
_b10
_c20130110
_lUCH01
_h0958
590 _aBATCH-UPD
_b10
_c20130410
_lUCH01
_h0610
590 _aBATCH-UPD
_b10
_c20130913
_lUCH01
_h2234
590 _aCONVERSION
_b10
_c20130109
_lUCH01
_h1355
650 1 4 _aAgricultura orgánica.
_92005
650 1 4 _aCompost.
_926105
650 1 4 _aDesarrollo rural.
_932067
650 1 4 _aDesperdicios
_xUtilización.
_932174
650 1 4 _aEcología.
_935134
650 1 4 _aHumus.
_956902
650 1 4 _aRecursos naturales.
_995172
650 1 4 _aResiduos sólidos.
_996119
901 _aBK
911 _aen proceso
942 _cLIBRO
949 _a631.875 R94
_bBC
_cUACH
_d33724002215462
_eUACH
_h113117
_i110684
_sb
999 _c99026
_d99026